000 01190cam a22002891i 4500
003 SA-RiAUC
005 20250529042022.0
008 250522s1991 su g b 000 0 ara c
040 _aJO-MaAABU
_bara
_cSA-RiAUC
_erda
082 0 4 _a212
_qSA-RiAUC
090 _a212
_bي ا ل
100 1 _aيالجن، مقداد،
_d1937-2020
_eمؤلف.
245 1 0 _aمنابع مشكلات الأمة الإسلامية والعالم المعاصر ودور التربية الإسلامية وقيمها في معالجتها /
_cمقداد يالجن.
250 _aالطبعة الأولى.
264 1 _aالرياض :
_bدار عالم الكتب،
_c1991
300 _a116 صفحة ؛
_c24 سم.
336 _aنص
_btxt
_2rdacontent
_3كتاب
337 _aبدون وسيط
_bn
_2rdamedia
338 _aمجلد
_bnc
_2rdacarrier
490 0 _aسلسلة كتاب تربيتنا ؛
_v1
500 _aببليوجرافية : صفحة 111-114.
650 7 _aالتربية الإسلامية
_2aucsh
650 7 _aالإسلام والمجتمع
_2aucsh
650 7 _aالمجتمعات الإسلامية
_2aucsh
942 _2ddc
_cBOOK
_n0
949 _aSA-JeALM
_d250522
_umohamedma123
_n1
999 _c8424
_d8424